000 00453nam a2200193Ia 4500
005 20240823030752.0
008 240823s9999||||xx |||||||||||||| ||und||
020 _a978-3-540-44492-3
041 _aENGLISH
082 _A004.36 P7
100 _aAnirban Chakrabarti
245 0 _aGrid Computing Security
250 _a1st
260 _c2007
_bSpr
500 _aYES
650 _aGrid Computing
_bComputer Science
942 _cBK
999 _c189487
_d189487